000 00804nam a22002297a 4500
999 _c162082
_d162082
005 20190821122441.0
010 _a1819CHEN B-720944-964
020 _a9789384335274
_c450.00
035 _aB-720944-964
035 _aB-728630
037 _bMukund Publication
082 _a881
245 _aClassic Poems /
_cedited by Sunil Gupta
260 _aDelhi
_bMukund Publication
_c2019
270 _aE-11/5, Krishana Nagar
_bDelhi
_e110051
300 _a151p.
_c22cm(Hb)
500 _aAirport
700 _aGupta, Sunil
942 _2ddc
_cCH
_mCLA
_h881